Dog man : (Record no. 13805)
[ view plain ]
| 000 -LEADER | |
|---|---|
| fixed length control field | 01563cam a2200289 i 4500 |
| 020 ## - ISBN | |
| ISBN | 9789814947640 |
| 050 00 - LIBRARY OF CONGRESS CALL NUMBER | |
| Classification number | PZ7.7.P53 |
| 082 00 - DEWEY DECIMAL CLASSIFICATION NUMBER | |
| Classification number | Fic. P639d 2020 Bk.9 |
| Edition number | 23 |
| 100 1# - MAIN ENTRY--PERSONAL NAME | |
| Personal name | Pilkey, Dav, |
| Dates associated with a name | 1966- |
| 245 10 - TITLE STATEMENT | |
| Title | Dog man : |
| Remainder of title | grime and punishment / |
| Statement of responsibility, etc. | written and illustrated by Dav Pilkey as George Beard and Harold Hutchins ; with color by Jose Garibaldi. |
| 260 ## - PUBLICATION, DISTRIBUTION, ETC. (IMPRINT) | |
| Place of publication, distribution, etc. | Singapore |
| Name of publisher, distributor, etc. | Scholastic |
| Date of publication, distribution, etc. | c2020 |
| 300 ## - PHYSICAL DESCRIPTION | |
| Extent/Page number | 236 pages : |
| Other physical details | color illustrations ; |
| Dimensions | 21 x 13.5 cm. |
| 337 ## - MEDIA TYPE | |
| Media type term | unmediated |
| Media type code | n |
| 490 0# - SERIES STATEMENT | |
| Series statement | Dog Man ; |
| Volume/sequential designation | 9 |
| 504 ## - BIBLIOGRAPHY, ETC. NOTE | |
| Bibliography, etc | Lexile level - 260 |
| 505 0# - FORMATTED CONTENTS NOTE | |
| Formatted Contents Note | Fore-foreward: Behind the Profundity -- Foreword: George and Harold's recap of our story thus far -- Chief's big day -- The saddest chapter ever written -- The chapter that's totally not as sad as the last one -- The dog in the hat -- A bunch stuff that happened next -- The incorrigible crud -- Cat man -- Big fight -- The lunch bag of motor brain -- 80-HD power -- Love vs. hate: who will win? -- The ultimate showdown -- Three endings -- Notes -- How to draw |
| 520 ## - SUMMARY, ETC. | |
| Summary, etc. | The Supa Buddies bamboozled the baddies, but all's not right in the world. Dog Man has a new problem to pound, and he's going to need his entire pack to help him. Will he go barking up the wrong tree? |
| 526 ## - STUDY PROGRAM INFORMATION NOTE | |
| PROGRAM TYPE | FICTION |
| 650 #1 - SUBJECT ADDED ENTRY--TOPICAL TERM | |
| Topical term or geographic name as entry element | Graphic novels. |
| 650 #1 - SUBJECT ADDED ENTRY--TOPICAL TERM | |
| Topical term or geographic name as entry element | Humorous stories. |
| 650 #1 - SUBJECT ADDED ENTRY--TOPICAL TERM | |
| Topical term or geographic name as entry element | Dogs -- Juvenile fiction. |
| 650 #1 - SUBJECT ADDED ENTRY--TOPICAL TERM | |
| Topical term or geographic name as entry element | Cats -- Juvenile fiction. |
| 650 #1 - SUBJECT ADDED ENTRY--TOPICAL TERM | |
| Topical term or geographic name as entry element | Police -- Juvenile fiction. |
| 650 #1 - SUBJECT ADDED ENTRY--TOPICAL TERM | |
| Topical term or geographic name as entry element | Adventure and adventurers. |
| 700 1# - ADDED ENTRY--PERSONAL NAME/OTHER AUTHORS | |
| Personal name | Garibaldi, Jose, |
| 942 ## - ADDED ENTRY ELEMENTS | |
| Classification | |
| Item type | Book |
| Withdrawn status | Lost status | Source of classification or shelving scheme | Damaged status | Not for loan | Collection code | Permanent Location | Current Location | Shelving location | Date acquired | Source of acquisition | Cost, normal purchase price | Full call number | Barcode | Date last seen | Cost, replacement price | Price effective from | Item type |
|---|---|---|---|---|---|---|---|---|---|---|---|---|---|---|---|---|---|
| Fiction | Grade School Library | Grade School Library | Fiction | 2026-02-03 | MIBF | 489.00 | Fic. P639d 2020 Bk.9 | GS5753 | 2026-02-03 | 1000.00 | 2026-02-03 | Book |